000 00492nam a2200181Ia 4500
005 20250508160813.0
008 008 250505s9999 xx 000 0 eng d
037 _aTextual
040 _aFEDL
_beng
_cFEDL
041 _aeng
_2eng
084 _a401, DAV
_qFEDL
100 _aDavis Philip W
_9509736
245 0 _aModern theories of language
260 _aEnglewood Cliffs
_b Prentice-Hall
_c1973
300 _a404p.
942 _cTEXL
_h401, DAV
999 _c1366720
_d1366720